|
|
|
|
| LEADER |
01474nam a2200289 a 4500 |
| 001 |
16681389 |
| 008 |
100622s1980 th a b 100 0 eng d |
| 010 |
|
|
|a 82915615
|
| 040 |
|
|
|a DLC
|c DLC
|d T FW
|d BD-DhAAL
|
| 082 |
0 |
0 |
|a 362.7
|2 19
|
| 111 |
2 |
|
|a Workshop on Breastfeeding and Supplementary Foods
|d (1979 :
|c Ramathibodi Hospital)
|
| 245 |
1 |
0 |
|a Proceedings of the Workshop on Breastfeeding and Supplementary Foods, 17-18 November 1979, Jonjin Hall, Ramathibodi Hospital, Rama VI Road, Bangkok 4, Thailand /
|c organized by the Institute of Nutrition and Department of Pediatrics, Ramathibodi Hospital, Mahidol University ; editors, Aree Valyasevi, Jean Baker.
|
| 260 |
|
|
|a Bangkok :
|b The Institute,
|c 1980.
|
| 300 |
|
|
|a xi, 76 p. :
|b ill. ;
|c 23 cm.
|
| 504 |
|
|
|a Includes bibliographical references..
|
| 541 |
1 |
|
|e 00002378
|
| 650 |
|
0 |
|a Breastfeeding
|v Congresses.
|
| 650 |
|
0 |
|a Infants
|x Nutrition
|v Congresses.
|
| 650 |
|
0 |
|a Breastfeeding
|z Asia
|v Congresses.
|
| 650 |
|
0 |
|a Infants
|x Nutrition
|z Asia
|v Congresses.
|
| 700 |
0 |
|
|a Aree Valyasevi.
|
| 700 |
1 |
|
|a Baker, Jean.
|
| 710 |
2 |
|
|a Mahidol University .
|b Institute of Nutrition and Department of Pediatrics.
|
| 710 |
2 |
|
|a Ramathibodi Hospital.
|b Dept. of Pediatrics.
|
| 852 |
4 |
|
|a Ayesha Abed Library
|j General Shelf
|
| 999 |
|
|
|c 9044
|d 9044
|
| 952 |
|
|
|0 0
|1 0
|2 ddc
|4 0
|6 362_700000000000000_PRO_1980
|7 0
|9 11175
|a BRACUL
|b BRACUL
|c GEN
|d 2010-06-22
|g 0.00
|l 0
|o 362.7 PRO
|p 3010002378
|r 2010-06-22
|t 1
|w 2010-06-22
|y BK
|z Not price in Register
|